[Event "Massakamp Paul Keres-Euwe"]
[Site "Amsterdam"]
[Date "2005.05.21"]
[Round "?"]
[White "Witt, Rob"]
[Black "Both, Bert"]
[Result "1/2-1/2"]
[WhiteElo "2209"]
[BlackElo "2122"]
[Annotator "Witt"]
[PlyCount "134"]
[EventDate "2004.??.??"]

{The day of the Cup Final, Arsenal - Manchester United! Altijd een feest in
Engeland. Maar wij schakers hadden ons eigen feestje, de massakamp tegen Paul
Keres in Utrecht. Het was prachtig weer en de gezellige speelzaal lag in een
Coronationstreet-achtig wijkje vlakbij de Oude Gracht. Dankzij de inspanningen
van Gertjan hadden we toch weer 31 man op de been gebracht voor deze happening.
Vorig jaar was het heel spannend en wonnen we uiteindelijk met 161/2-151/2. In
de welkomsspeech van de voorzitter Jan Jaap Janse meldde hij dat Paul Keres
iets dergelijks wilde proberen. Hoe het mogelijk is weet ik niet, maar het
werd een complete slachting, 24-7 voor Paul Keres! Ik speelde aan bord 7 tegen
een oude bekende.} 1. Nf3 Nf6 2. c4 b6 3. g3 Bb7 4. Bg2 c5 5. O-O e6 6. Nc3 Be7
7. Re1 O-O 8. e4 d6 9. d4 cxd4 10. Nxd4 {Deze stelling stond binnen 10' op het
bord. In tegenstelling tot iemand als Francis Lesman begon mijn tegenstander
nu na te denken, 25' maar liefst. Hij had de dreiging e4-e5 kennelijk gezien.}
Qd7 ({Afgelopen oktober had Francis snel} 10... Nbd7 {gespeeld en keek
beteuterd op zijn neus na} 11. e5 $1 dxe5 12. Bxb7 ({Ik meldde op Euwe Online
dat Schekatschew (2500+) hier de voorkeur gaf aan de laffe speelwijze} 12. Nxe6
fxe6 13. Bxb7 Rb8 14. Bg2 $14 {en dat zou ik deze keer waarschijnlijk ook
gedaan hebben.}) 12... exd4 13. Bxa8 Qxa8 14. Qxd4 Rd8 15. Qe3 $6 {en nu had
Francis moeten voortzetten met} (15. Rd1 $1) 15... Bc5 $1 ({Hij speelde} 15...
Nc5 $2) 16. Qe2 Ne5 $1 {Zie verder Euwe Online.}) 11. b3 {Ik wist nog niet of
ik mijn zwarte loper naar a3, b2 of e3 zou spelen. Ik beslooot de keus even
uit te stellen. de tekstzet moet sowieso een keer.} Nc6 {Zwart besluit de
normale zet a6 uit te sparen. Dat begon me op een gegeven moment te storen
omdat ik geen aanknopingspunt op b6 had. Je zit iedere keer tijd te besteden
aan Pb5 maar het levert nooit wat op.} 12. Be3 {In een oude partij
Ree-Ligterink zette wit de loper op a3, maar bereikte daar niks mee en de
partij werd vrij snel remise gegeven.} Rad8 13. Rc1 Rfe8 14. Qe2 Qc7 {
Verbruikte tijd: wit 31'; zwart 46'. Ongeveer op dit moment stond het al 3-0
voor Paul Keres.} 15. Nxc6 ({Ik keek ook lang naar} 15. Ncb5 Qd7 (15... Qb8 $2
16. Nxc6 Bxc6 17. e5 {is kansrijk voor wit.}) 16. Nxc6 Bxc6 {maar het is niks
bijzonders voor wit.}) 15... Qxc6 16. f4 Qc8 {42'; 1.05'} 17. Bf2 Nd7 18. h4 {
Het is altijd lastig manoeuvreren in zo'n Hedgehog. Mijn idee was om te zorgen
dat zwart nooit d6-d5 kan doorzetten en daarnaast proberen op koningsaanval te
spelen door een pion naar g5 en/of h5 te brengen. Dit op zich bekende plan is
hier wellicht minder kansrijk omdat er een stel paarden geruild is, wat in
zwart's voordeel is.} Qa8 19. Nb5 {Ik wilde eerst a6 uitlokken zodat zwart ook
pion b6 in de gaten moet houden.} Qb8 20. Red1 a6 21. Nc3 Qa8 {Wit nog 35';
zwart 20' Hier stond het 12-1 voor Paul Keres.} 22. Kh2 f5 $6 {Zwart heeft
genoeg van het niksdoen en besluit ten onrechte aktief te worden.} 23. Bg1 $1 {
Dankzij mijn vorige zet is dit nu mogelijk en kennelijk overzien door mijn
tegenstander want hij dacht nu lang na.} Nc5 $2 {29'; 12'} ({Hij vond achteraf
dat hij had moeten ruilen op e4.} 23... fxe4 24. Nxe4 d5 25. Ng5 (25. Bh3 $5)
25... Bxg5 26. hxg5 e5 27. Qf3 e4 28. Qc3 $14 {Een ingewikkelde stelling, maar
het lijkt me beter voor wit.}) 24. exf5 exf5 25. Bxb7 $6 {Een moeilijke keus.
Ik wikkel af naar een ogenschijnlijk technisch goede stelling met een betere
pionnenstruktuur maar achteraf was het toch beter om meer stukken op het bord
te houden.} (25. Nd5 Bf6 (25... Bxh4 26. Qh5 Bf6 27. Qxf5 $16 {Deze variant
heb ik geloof ik gemist.}) 26. Qc2 {en nu hangt zowel pion b6 als f5.}) 25...
Qxb7 26. Bxc5 bxc5 27. Qe6+ {Direct na afloop van de partij vroeg ik me af of
dit wel zo goed was. Na dameruil blijkt het eindspel tegen te vallen. Maar nu
zie ik dat het toch de juiste keus was.} Kh8 28. Re1 Qc8 29. Nd5 Bf6 {15'; 3'}
30. Qxc8 Rxc8 31. Kg2 {In eerste instantie dacht ik dat ik hier een goede
mogelijkheid had gemist met} (31. Rcd1 $5 Rxe1 {only move! Als de loper wijkt
komt Pe7 en Pxf5.} 32. Rxe1 Rd8 (32... Bd4 $2 33. Ne7 Rf8 34. Nxf5) 33. Nxf6
gxf6 34. Re6 Kg7 (34... d5 $2 35. cxd5 Rxd5 36. Rxa6) 35. Re7+ Kg6 36. Ra7 d5
37. cxd5 Rxd5 (37... Rd6 $5) 38. Rxa6 {met winstkansen, hoewel de remisemarge
groot is. De partijvoortzetting is echter ook goed.}) 31... Kg8 32. Nxf6+ ({
een andere mogelijkheid was} 32. Rcd1 Rxe1 (32... Kf7 33. Rxe8 Rxe8 34. Nxf6
gxf6 35. Rxd6 Re2+ 36. Kh3 Rxa2 37. Rd5 Ra3 38. Rxf5 Rxb3 39. Rxc5 $14) 33.
Rxe1 Kf7 {en ik zie geen witte winstkansen.}) 32... gxf6 {7'; 2'} 33. Kf2 Kf7
34. Rcd1 $2 {Dit levert niks op. Sterk was} (34. Red1 $1 Re6 (34... Ke6 35. Rd5
$1) 35. Rd5 Rce8 36. Rc2 Kg6 37. Rcd2 {en zwart is in grote problemen.
Eigenlijk heel logisch, in een dubbeltoreneindspel zijn de zwarte zwaktes veel
voelbaarder omdat de zwarte koning niet goed kan verdedigen in het centrum.})
34... Re6 35. Rxe6 Kxe6 36. Re1+ Kd7 {Hier besefte ik dat het eindspel remise
is. Zwart had echter tijdnood.} 37. Re3 h5 (37... Ra8) 38. Ke2 a5 39. Kd2 Ra8
40. Kc3 a4 $6 {Met nog enkele seconden voor het uitvoeren van zijn 40e zet
geeft zwart me weer een kans.} 41. b4 {Allebei een half uur erbij.} cxb4+ $2 (
41... Rg8 {is waarschijnlijk nog steeds remise.}) 42. Kxb4 {Hier kwam Rob
Bodicker me schaterlachend melden dat het al 19-4 stond voor Paul Keres. Het
begon ook steeds rumoeriger te worden in de speelzaal wat het rekenen er niet
makkelijker op maakte.} Kc6 43. Re6 Rb8+ 44. Kc3 ({Vooral niet} 44. Kxa4 $2 Kc5
45. Ka3 (45. Rxf6 Kxc4 46. Rxf5 d5) 45... Rg8 46. Rxf6 Rxg3+ 47. Kb2 Kxc4 48.
Rxf5 Rg2+ 49. Ka3 Rg3+ 50. Ka4 d5 51. Rxh5 Rg8 {en wit moet zelfs een beetje
oppassen voor de vrije d-pion.}) 44... Rg8 45. Kd4 $6 {21'; 20'. Lijkt sterk
wegens de dreiging c5 en mijn tegnstander schrok ook zichtbaar van deze zet.
Beter was misschien toch} (45. Rxf6 Rxg3+ 46. Kb4 Rg4 47. Rxf5 Rxh4 48. Kxa4)
45... Kd7 $2 ({Het is waarschijnlijk remise na} 45... Rxg3 46. c5 Rg4 47. Rxd6+
Kc7 48. Rxf6 Rxf4+ 49. Kd5 a3 50. Ra6 Rxh4 51. Rxa3 Rb4) 46. Kd5 {Ik wilde
snel een vrije c-pion krijgen, maar sterk in aanmerking kwam ook} (46. Rxf6
Rxg3 47. Rxf5 Ra3 48. Rxh5 Rxa2 49. Ra5 $16) 46... Rxg3 47. Rxd6+ Ke7 48. c5
Ra3 $2 {16'; 18' Nu is het mis voor zwart. Hij kon waarschijnlijk nog remise
maken met} (48... Rf3 49. Re6+ Kd8 (49... Kf7 $2 50. Ra6) 50. Rxf6 Rxf4 51.
Rf8+ Kd7 52. Rf7+ Kd8 53. a3 Rxh4 54. Rxf5 Rh3 55. Kd6 Rd3+ 56. Kc6 Rxa3 57.
Rxh5 Rc3) 49. Re6+ Kd7 (49... Kf7 50. Re2 $18) 50. Rxf6 Rxa2 51. Rf7+ Kd8 52.
Rxf5 a3 53. Rxh5 Rf2 54. Kc6 Rxf4 {8'; 10'} 55. Rh8+ Ke7 56. Ra8 Rxh4 57. Rxa3
{Wit heeft u iteindelijk na veel geduw en getrek keurig een theoretisch
gewonnen toreneindspel bereikt. Het riep aangename herinneringen op aan de
laatste partij in de voorronde NK 1976 waar ik exact dit zelfde eindpel won,
gedeeld eerste werd met Paul Boersma en Arend van Dop en mij door loting (!)
plaatste voor het NK. Paul Boersma was al razend op mijn arme tegenstander
omdat ik dit eindspel won (het was begonnen met de remisestelling 3 tegen 2 op
een vleugel). Toen ik vervolgens ook nog de loting won, dacht ik dat hij
helemaal gek werd.} Rc4 58. Re3+ $2 {Verpest nog niks, maar wel zo eenvoudig
was} (58. Rd3 {gevolgd door Kb6, enz.}) 58... Kd8 59. Rh3 Rc1 60. Rh8+ Ke7 61.
Kb6 $4 {Vreselijk! Snel en gedachtenloos, moe en murw van het lawaai, geef ik
de winst weg. Na afloop waren velen bereid mij uit te leggen dat het
elementair gewonnen wasna} (61. Rc8 $1 {precies de zet die ik 29 jaar geleden
wel a tempo en triomfantelijk uitvoerde.}) 61... Kd7 {Nu besefte ik wat ik had
aangericht.} 62. Rh7+ Kc8 63. Kc6 Kb8 64. Rb7+ Kc8 65. Rb2 Rh1 66. Kb6 Rh3 67.
c6 Rh1 {Ach, die partij in 1976 was belangrijker, zullen we maar zeggen. Na
afloop gingen we gezamenlijk naar een Griek aan de Oude Gracht. Onder het
genot van veel drank en lekker eten heb ik daar o.a. met Anton Rosmuller vele
oude herinneringen opgehaald van onze schaaktoernooien in Spanje in de jaren
70. Rik bedankte de organisatie van Paul Keres voor een, afgezien van het
schaaktechnische gedeelte, bijzonder geslaagde dag.} 1/2-1/2

[Event "Euwe intern Playoffs"]
[Site "?"]
[Date "2005.05.26"]
[Round "2"]
[White "Blanchard, Jack"]
[Black "Witt, Rob"]
[Result "1-0"]
[WhiteElo "2153"]
[BlackElo "2207"]
[Annotator ",User"]
[PlyCount "77"]
[EventDate "2005.05.27"]

{Mijn eerste partij voor de playoffs. Jack had al met zwart knap remise
gespeeld tegen Gertjan vd Hoeven.} 1. d4 d6 ({Deze keer geen zin in} 1... d5 2.
c3) 2. Bg5 ({Ik had vooraf een half uurtje gekeken naar} 2. Bf4 {wat Jack
onlan gs tegen Arne speelde. De tekstzet lijkt me beter en wordt ook af en toe
door sterke grootmeesters gespeeld. Ik had er niks tegen klaarliggen, dus ik
was reeds vanaf de 2e zet gedwongen om na te denken. Dat valt niet mee als de
kantine nog gesloten is en je snakt naar koffie.}) 2... h6 3. Bh4 Nd7 4. Nf3
Ngf6 5. Nbd2 g5 6. Bg3 Nh5 7. e3 (7. e4 Bg7 8. c3 {is ook mogelijk maar niet
de stijl van Jack.}) 7... Bg7 {Hier zat ik me af te vragen of pion g5 daar nou
wel zo goed staat. Zou g6 niet beter geweest zijn? Wie het weet mag het zeggen.
} 8. c3 e6 9. Bd3 Qe7 10. Ng1 {Verrassend, je zou hier toch eerder een damezet
verwachten, maar de tekstzet is vaker gespeeld.} (10. Nf1 Ndf6 11. e4 Bd7)
10... Nxg3 11. hxg3 O-O $146 {Meestal wordt hier de lange rokade voorbereid.}
12. Ngf3 {20' Opnieuw verrast dit paard me. Ik had een plan verwacht met} (12.
g4 {gevolgd door Pge2-g3}) 12... f5 {33'} 13. Qc2 {Achteraf zei Jack dat hij
hier helemaal niet tevreden was over zijn stelling. Volgens hem heeft zwart
gewoon een goede Leningrader. Ik denk dat het ongeveer gelijk staat.} Nf6 14.
e4 {27'} (14. O-O-O) 14... Ng4 $5 15. Nf1 {29'} d5 $2 {45' Geen goed plan. Ik
had wel gezien dat mijn paard in moeilijkheden kon komen, maar ik dacht zoiets
als dat dat wit tijd zou kosten en dat ik dan wel een stuk kon offeren voor
twee pionnen in het centrum, of mijn paard redden ten koste van pion h5. Heel
oppervlakkig en geheel tegen mijn stijl in geredeneerd. Er waren goede
alternatieven.} (15... Qf7 $5 {Een suggestie van Henk Jan Visser.}) ({We
bekeken ook} 15... fxe4 $5 16. Bxe4 d5 ({Niet bekeken maar zeer goed lijkt me} 
16... c5 17. dxc5 $6 ({Maar wat dan?} 17. O-O-O cxd4 {is ook geen pretje voor
wit.}) 17... d5 18. Bh7+ Kh8 {en zwart staat goed.}) 17. Bd3 e5 (17... c5 $5)
18. dxe5 Nxe5 19. Nxe5 Qxe5+ 20. Ne3 d4 $2 {Dit moet, dit moet, riep Visser.} (
20... Bg4 $1 $11) 21. cxd4 Qxd4 22. O-O-O {en hoe meer we keken hoe meer de
witte stelling beviel i.p.v. de zwarte.}) 16. e5 c5 17. a3 $1 {43' Jack weet
altijd goed vage mogelijkheden voor zijn tegenstander in te dammen.} (17. N3d2
cxd4 18. cxd4 Qb4 19. Qc3 Qb6 20. Be2 (20. f3 $2 Bxe5 $1 21. dxe5 Nf2 $1 22.
Rxh6 Qxb2 $1) 20... Rf7 21. Nb3 Bxe5 22. Bxg4 (22. dxe5 Qxf2+ 23. Kd1 d4 24.
Qd2 Qxg2 {met een onduidelijk rotzooitje.}) 22... fxg4 23. Rxh6 Bg7 {en wit
zal wel iets beter staan.}) 17... Bd7 $2 {46'} ({Beter was} 17... Qc7 18. Ng1 (
18. Qd2 Bd7) 18... Bd7 19. f3 cxd4 20. cxd4 Qxc2 21. Bxc2 Nxe5 22. dxe5 Bxe5
23. O-O-O Rac8 24. Kb1 Kg7 {en zwart heeft enige compensatie voor het stuk,
maar waarschijnlijk niet genoeg.}) 18. Ng1 $1 {50' Weer mis ik een zet met dit
paard. Ik had alleen gekeken naar} (18. N3d2 Rac8 19. Qd1 Qd8 20. f3 cxd4 21.
cxd4 Qb6 {met onduidelijke stelling.}) 18... Rac8 {53' Ik jaag alleen maar de
witte dame naar betere velden, maar ik zag niks beters.} (18... cxd4 19. cxd4
Qd8) 19. Qe2 $6 {Jack wilde voorkomen dat zwart een paard kon offeren voor
twee centrumpionnen.} ({Hier hebben we in de nabeschouwing veel tijd besteed
aan het m.i. sterkere} 19. Qd2 $1 cxd4 20. cxd4 Be8 21. f3 Nxe5 22. dxe5 Bxe5
23. f4 $1 {Volgens mij hebben we dit gemist in de analyse.} (23. Rxh6 $4 Qg7
$19) 23... Bg7 24. Nf3 $16) 19... h5 $2 {54' Ik dacht dat dit de enige zet was,
maar er was er nog een en veel beter. Opnieuw oppervlakkig gespeeld dus.} (
19... cxd4 {Fritz vindt het niks voor zwart.} 20. cxd4 Qd8 21. f3 ({Beter is
alsnog} 21. Qd2) 21... Qa5+ 22. Nd2 {Nog steeds goed voor wit volgens Fritz.} (
22. b4 Qc7 $15) 22... Qb6 23. fxg4 Qxb2 24. Rb1 Qxd4 {Nu pas vindt Fritz het
onduidelijk.} 25. gxf5 (25. Ngf3 Qxg4) 25... Bxe5 {met zeer onduidelijke
stelling.}) 20. f3 {57' over 33'} (20. Rxh5 Be8 21. Rh1 {is misschien nog
sterker.}) 20... Nh6 {over 36'} 21. Rxh5 Be8 22. Rh1 Bg6 $2 {23' Ik zal
absoluut niet wat ik hier nog moest doen. Maar Jack gaf na de partij nog wat
aan:} (22... cxd4 23. cxd4 Qc7 24. Qd2 {Dit was Jack van plan.} Qb6 25. Ne2 Bb5
26. Bxb5 Qxb5 27. Nc3 Qb6 ({We analyseerden achteraf met Visser en Gertjan
voornamelijk} 27... Qb3 28. Rb1 ({Beter is het om b2 te dekken met} 28. Ne3 Rc7
29. Ned1) 28... Qb6 29. Rd1 Nf7 30. g4 fxg4 31. Qd3 Rfd8) 28. Ne3 Nf7 {en
zwart doet nog mee in de partij.}) 23. Qd2 (23. g4 $1 {ziet er ook sterk uit.})
23... Bh7 {15' Er is geen verdediging niet meer} (23... cxd4 24. cxd4 Be8 25.
Nh3 Nf7 26. g4 $18) 24. Ne3 {24'} (24. Nh3 cxd4 25. cxd4 Nf7 26. g4 Bh6 27.
gxf5 exf5 28. Nf2) 24... cxd4 25. cxd4 {10'} Kf7 26. Nh3 {20'} Rh8 27. f4 {18'}
g4 {5'} 28. Ng5+ Kg8 29. Qb4 {17'} Rc7 {3'} 30. Kd2 {15'} Bf8 {2'} (30... Bg6
31. Rac1 Bf7 32. Qxe7 Rxe7 33. Rc8+ Bf8 34. Rhc1 $18) 31. Qxe7 Rxe7 32. Rac1
Nf7 (32... Bg6 33. Rc8 Kg7 34. Rc7 Bf7 35. Rhc1) 33. Nxh7 Rxh7 34. Rxh7 Kxh7
35. Nxg4 Bg7 36. Ne3 Bh6 37. Rc8 Kg7 38. Ke2 Nh8 39. Bxf5 1-0